[Event "FRM-chT"]
[Site "Struga"]
[Date "2018.08.11"]
[Round "1.6"]
[White "Jacimovic, Dragoljub"]
[Black "Jovanoski, Vasko"]
[Result "1-0"]
[WhiteElo "2403"]
[BlackElo "2149"]
[PlyCount "47"]
[EventDate "2018.08.11"]
[EventType "team-tourn"]
[EventRounds "7"]
[EventCountry "MKD"]
[SourceTitle "CBM 186 Extra"]
[Source "ChessBase"]
[SourceDate "2018.08.24"]
[SourceVersion "1"]
[SourceVersionDate "2018.08.24"]
[SourceQuality "1"]
[WhiteTeam "Skopje Alkaloid"]
[BlackTeam "Gostivar"]
[WhiteTeamCountry "MKD"]
[BlackTeamCountry "MKD"]

1. d4 Nf6 2. c4 e6 3. Nc3 d5 4. cxd5 exd5 5. Bg5 Be7 6. e3 b6 7. Nf3 Bb7 8. Bb5+ c6 9. Bd3 0-0 10. Qc2 h6 11. Bh4 c5 12. 0-0 cxd4 13. Nxd4 Nc6 14. Nxc6 Bxc6 15. Rfd1 Qc8 16. Rac1 Rd8 17. Bf5 Qa6 18. Rd4 g5 19. Bg3 Bd6 20. Ne4 Nxe4 21. Qxc6 Bxg3 22. Qxh6 Rd6 23. Bh7+ Kh8 24. Bg6+ 1-0